potential and constraints in establishing organic rice producer group in tramkak district,Takeo province,(សក្ដានុពល និងកត្តារារំាងក្នុងការចងក្រងជាក្រុមផលិតផលអង្ករសរីរាង្គ នៅស្រុកត្រាំកក់ ខេត្តតាកែវ) (Record no. 591)

000 -LEADER
fixed length control field 00732nam a22001577a 4500
003 - CONTROL NUMBER IDENTIFIER
control field OSt
005 - DATE AND TIME OF LATEST TRANSACTION
control field 20150916164408.0
008 - FIXED-LENGTH DATA ELEMENTS--GENERAL INFORMATION
fixed length control field 150916b xxu||||| |||| 00| 0 eng d
040 ## - CATALOGING SOURCE
Transcribing agency RUA
082 ## - DEWEY DECIMAL CLASSIFICATION NUMBER
Classification number AGR BOU 2004 B029 Or.1
100 ## - MAIN ENTRY--PERSONAL NAME
9 (RLIN) 616
Personal name BOUN SOPHEAKNA
245 ## - TITLE STATEMENT
Title potential and constraints in establishing organic rice producer group in tramkak district,Takeo province,(សក្ដានុពល និងកត្តារារំាងក្នុងការចងក្រងជាក្រុមផលិតផលអង្ករសរីរាង្គ នៅស្រុកត្រាំកក់ ខេត្តតាកែវ)
260 ## - PUBLICATION, DISTRIBUTION, ETC. (IMPRINT)
Place of publication, distribution, etc. phnom penh
Name of publisher, distributor, etc. RUA
Date of publication, distribution, etc. 2004
300 ## - PHYSICAL DESCRIPTION
Extent 57p.
Dimensions ill.
Size of unit 29cm
942 ## - ADDED ENTRY ELEMENTS (KOHA)
Source of classification or shelving scheme
Koha item type AGR
Holdings
Price effective from Date last seen Permanent Location Not for loan Date acquired Source of classification or shelving scheme Koha item type Lost status Withdrawn status Date last checked out Total Checkouts Damaged status Shelving location Barcode Current Location Full call number
2015-09-162015-09-16Library Block B 2015-09-16 AGR       Library Block BAGR BOU 2004 B029 Or.1
2018-12-212019-07-22Library Block B 2018-12-21 AGR  2019-07-081 B1.194A41724Library Block BAGR BOU 2004 B1.194 Or.1
មជ្ឈមណ្ឌលឯការនៃសាកលវិទ្យាល័យភូមិន្ទកសិកម្មចំការដូង

Powered by Koha